| 000 | 00844 a2200205 4500 | ||
|---|---|---|---|
| 020 | _a0470094176 | ||
| 040 |
_aDLC _bDLC |
||
| 082 | 0 | 0 | _a005.36 |
| 100 | 1 | _aLi, Maozhen. | |
| 245 | 1 | 4 |
_aThe grid: core technologies _bcore technologies _cMaozhen Li, Mark Baker. |
| 260 |
_aHoboken, NJ : _bWiley, _cc2005. |
||
| 300 |
_axxviii, 423 p. : _bill. ; _c25 cm. |
||
| 650 | 0 | _aComputational grids (Computer systems) | |
| 650 | 0 |
_aElectronic data processing _xDistributed processing. |
|
| 700 | 1 | _aBaker, Mark. | |
| 856 | 4 | 1 |
_3Table of contents only _uhttp://www.loc.gov/catdir/toc/ecip057/2005002378.html |
| 856 | 4 | 1 |
_3Contributor biographical information _uhttp://www.loc.gov/catdir/enhancements/fy0621/2005002378-b.html |
| 856 | 4 | 1 |
_3Publisher description _uhttp://www.loc.gov/catdir/enhancements/fy0621/2005002378-d.html |
| 942 |
_cBK _k005.36 LIM _2ddc |
||
| 999 |
_c6129 _d6129 |
||